Indoor environmental quality in refurbishment (Record no. 112725)

MARC details
000 -LEADER
fixed length control field 01046cad a22002175a 4500
001 - CONTROL NUMBER
control field E153851
008 - FIXED-LENGTH DATA ELEMENTS--GENERAL INFORMATION
fixed length control field 110913s2011 xxk f 000 0 eng d
020 ## - INTERNATIONAL STANDARD BOOK NUMBER
International Standard Book Number 9781849170697
035 ## - SYSTEM CONTROL NUMBER
System control number (Sirsi) u153851
041 0# - LANGUAGE CODE
Language code of text/sound track or separate title eng
100 1# - MAIN ENTRY--PERSONAL NAME
Personal name Hobday, Richard
245 00 - TITLE STATEMENT
Title Indoor environmental quality in refurbishment
Medium [electronic resource]
260 ## - PUBLICATION, DISTRIBUTION, ETC.
Place of publication, distribution, etc. Edinburgh
Name of publisher, distributor, etc. Historic Scotland
Date of publication, distribution, etc. 2011
490 #0 - SERIES STATEMENT
Series statement Historic Scotland Technical Paper
Volume/sequential designation (12)
520 ## - SUMMARY, ETC.
Summary, etc. Suggests that using measures to increase energy efficiency when refurbishing historic buildings may lead to problems such as reduced air quality, less natural light and overheating. Argues that, for older buildings, a combination of radiant heating and natural ventilation might be more satisfactory.
590 ## - LOCAL NOTE (RLIN)
Local note KA
651 #4 - SUBJECT ADDED ENTRY--GEOGRAPHIC NAME
Geographic name Scotland
Chronological subdivision 1999-
690 ## - LOCAL SUBJECT ADDED ENTRY--TOPICAL TERM (OCLC, RLIN)
Topical term or geographic name as entry element ENVIRONMENTAL AND LAND CONSULTANCY-ENERGY-ENERGY USE-ENERGY EFFICIENCY
856 40 - ELECTRONIC LOCATION AND ACCESS
Uniform Resource Identifier <a href="https://www.historic-scotland.gov.uk/technicalpaper12.pdf">https://www.historic-scotland.gov.uk/technicalpaper12.pdf</a>
Public note View the paper free of charge at www.historic-scotland.gov.uk
942 ## - ADDED ENTRY ELEMENTS (KOHA)
Suppress in OPAC 0
Holdings
Withdrawn status Lost status Source of classification or shelving scheme Damaged status Not for loan Home library Current library Shelving location Date acquired Total Checkouts Full call number Barcode Date last seen Copy number Price effective from Koha item type
    Dewey Decimal Classification     Virtual Virtual Online 13/09/2011   ONLINE PUBLICATION 153851-2001 06/08/2019 1 06/08/2019 Book